Sweet but Psycho - Ava Max (lyrics) - Statistics

General Stats
  • This quiz has been taken 412 times
  • The average score is 321 of 438
Answer Stats
Hint Answer % Correct
a
100%
A
100%
but
100%
o
100%
she
100%
sweet
100%
psycho
99%
Chorus Oh
98%
she's
98%
She's
98%
bit
97%
little
97%
I
91%
screamin'
89%
my
86%
night
84%
At
82%
mind"
81%
mind''
81%
mind
81%
you
81%
Pre-Chorus No
78%
"No
78%
no''
78%
no
78%
no"
78%
your
77%
hot
76%
right
71%
With
71%
with
71%
don't
70%
"Don't
70%
ma
70%
out
69%
say
69%
"I'm
68%
''I'm
68%
I'm
68%
me
68%
So
68%
so
68%
"Yes
66%
yes
66%
yes"
66%
though
65%
the
63%
it
62%
it"
62%
head
60%
on
60%
be
59%
crazy
59%
'Cause
57%
"Run
56%
left
55%
Verse 1 She'll
55%
away"
54%
her
54%
just
54%
poison
53%
walk
53%
kind
52%
alo
51%
messin'
51%
people
51%
play
51%
saying
51%
for
50%
second
50%
tasty
50%
You'll
50%
you'll
50%
blessin'
49%
back
48%
can't
48%
rip
48%
shirt
48%
Then
47%
Let
46%
love
46%
make
46%
curse
45%
along
43%
coming
43%
gun"
43%
gun''
43%
kinda
42%
lead
42%
When
42%
within
42%
Bridge You're
42%
know
40%
drink
39%
Post-Chorus "Grab
39%
Post-Chorus ''Grab
39%
seconds
39%
help
38%
kiss
36%
like
36%
cop
35%
that
35%
neck
33%
pain
31%
sugarcoat
31%
emotions
30%
it's
30%
Yeah
30%
yeah
30%
mean
29%
potions
28%
tastes
28%
said
27%
someone
25%
tellin'
25%
insane
24%
we're
23%
pretend
22%
plate
20%
strange
20%
both
19%
Boy
16%
Verse 2 See
14%
No matching quizzes found
Score Distribution
Percent of People with Each Score
Percentile by Number Answered
Your Score History
You have not taken this quiz